| 000 | 00373pab a2200157 454500 | ||
|---|---|---|---|
| 008 | 180718b2012 xxu||||| |||| 00| 0 eng d | ||
| 100 | _aKalita, K. | ||
| 245 | _aMobilisaiton of Bharat Nirman volunteers | ||
| 260 | _c2012 | ||
| 300 | _ap.26-30. | ||
| 362 | _aDec | ||
| 650 | _aEconomic and social development | ||
| 773 | _aKurukshetra | ||
| 908 | _aN | ||
| 909 | _a98317 | ||
| 999 |
_c98316 _d98316 |
||